000 00892nam a2200181Ia 4500
008 100920s9999 xx 000 0 und d
082 _b63951
_a61 थ 57
100 _a---
245 _aकसेल त्याची जमीन नव्या कुळकायद्याचें विवरण.
260 _bमुंबई सरकारच्या प्रसिध्दी खात्याकडून प्रकाशित.
_c1957
300 _a68
_bसाधी
365 _b0
520 _aस्थानिक वाचन.
630 _aकसेल त्याची जमीन नव्या कुळकायद्याचें विवरण.
650 _aस्थानिक वाचन.
730 _aकसेल त्याची जमीन नव्या कुळकायद्याचें विवरण.
942 _cBOOK
999 _c707029
_d707026